000 00590nam a22002057a 4500
999 _c163885
_d163885
005 20190503121706.0
010 _aB-031262
020 _a8187317523
035 _aB-031262
037 _bDBAD/PUB
082 _a004.67
100 _aPatnaik,M.S.
245 _aInteractive Distance Learning Over Internet/
_cby Patnaik,M.S.
260 _aNew Delhi
_bRajat Publications
_c1999
270 _a4/32,geeta colony,
_bNew Delhi
_e110031
300 _aviii,304p.
_c21cms(hbk)
500 _aIt includes index
942 _2ddc
_cEN
_h004.67
_mPAT